000 00717nas a2200253 4500
001 BR9202374
003 BR-BrBNA
005 20231205092503.0
007 ta
008 230509b bl.|||p| |||| 00| 00por d
040 _aBR-BrBNA
_bpor
_cBiblioteca Nacional de Agricultura
041 _a(Pt)
072 _aQ70
100 1 _aAnon.
245 1 _aControle de aguas residuais na industria da carne
650 _aAGUAS RESIDUAIS
650 _aRESIDUO ORGANICO
650 _aINDUSTRIA ALIMENTICIA
650 _aCARNE
650 _aAVE DOMESTICA
773 0 _tRevista Nacional da Carne (Brazil)
_x
_g(Sep 1991), v. 15(175) p. 57-59
_wBR9202374
909 _a202311
_bLúcia
_c55
_dLúcia Elande
942 _2AGRIS
_n0
_cANA
999 _c132077
_d132077